| 000 | 00528nam a22001697a 4500 | ||
|---|---|---|---|
| 999 |
_c60530 _d60530 |
||
| 005 | 20230814122119.0 | ||
| 008 | 230814s1970 enk||||| |||| 00| 0 eng d | ||
| 020 | _a0713901373 | ||
| 041 | _aeng | ||
| 080 | _a902(038) B-84 | ||
| 100 |
_aBray, Warwick _919670 |
||
| 245 |
_aA dictionary of archaeology / _cWarwick Bray, David Trump. |
||
| 300 |
_a280 p. : _bill.; _c22 cm. |
||
| 653 | _aარქეოლოგიის ლექსიკონი | ||
| 700 |
_aTrump, David _eავტორი _919671 |
||
| 942 |
_2udc _cBK |
||